Detalles MARC
| 000 -LEADER |
| fixed length control field |
01557nas a22003137a 4500 |
| 005 - DATE AND TIME OF LATEST TRANSACTION |
| control field |
20250428182224.0 |
| 007 - PHYSICAL DESCRIPTION FIXED FIELD--GENERAL INFORMATION |
| fixed length control field |
cr |
| 008 - FIXED-LENGTH DATA ELEMENTS--GENERAL INFORMATION |
| fixed length control field |
250227c1997 -us||||| |||| 00| 0 eng d |
| 022 ## - INTERNATIONAL STANDARD SERIAL NUMBER |
| International Standard Serial Number |
15487660 |
| 040 ## - CATALOGING SOURCE |
| Transcribing agency |
AR-FvUNAJ |
| 245 10 - TITLE STATEMENT |
| Title |
Journal of Statistical Software / |
| Statement of responsibility, etc |
Foundation for Open Access Statistics |
| 260 ## - PUBLICATION, DISTRIBUTION, ETC. (IMPRINT) |
| Place of publication, distribution, etc |
California : |
| Name of publisher, distributor, etc |
Foundation for Open Access Statistics, |
| Date of publication, distribution, etc |
1997 - |
| 300 ## - PHYSICAL DESCRIPTION |
| Extent |
En línea |
| 362 ## - DATES OF PUBLICATION AND/OR SEQUENTIAL DESIGNATION |
| Dates of publication and/or sequential designation |
Vol. 1 (1997) - |
| 500 ## - GENERAL NOTE |
| General note |
La Universidad de Innsbruck, la Universidad de Zúrich y el Departamento de Estadística de la UCLA proporcionan personal de apoyo, mantenimiento y alojamiento del sitio web de la publicacion y, en parte, apoyo a estudiantes de posgrado. |
| 520 ## - SUMMARY, ETC. |
| Summary, etc |
Revista de investigaciones y implementación de software en estadísticas, los artículos además del documento textual proveen del Paquete R que corresponda y de Códigos de Replicación. |
| 650 24 - SUBJECT ADDED ENTRY--TOPICAL TERM |
| 9 (RLIN) |
886 |
| Topical term or geographic name as entry element |
PYTHON (Lenguaje de Programación) |
| 650 27 - SUBJECT ADDED ENTRY--TOPICAL TERM |
| Source of heading or term |
unescot |
| 9 (RLIN) |
893 |
| Topical term or geographic name as entry element |
INFORMATICA |
| 650 27 - SUBJECT ADDED ENTRY--TOPICAL TERM |
| Source of heading or term |
saij |
| 9 (RLIN) |
1309 |
| Topical term or geographic name as entry element |
SOFTWARE |
| 650 24 - SUBJECT ADDED ENTRY--TOPICAL TERM |
| Source of heading or term |
spines |
| 9 (RLIN) |
302 |
| Topical term or geographic name as entry element |
ANALISIS ESTADISTICO |
| 650 27 - SUBJECT ADDED ENTRY--TOPICAL TERM |
| Source of heading or term |
unescot |
| 9 (RLIN) |
281 |
| Topical term or geographic name as entry element |
ESTADISTICA |
| 710 1# - ADDED ENTRY--CORPORATE NAME |
| 9 (RLIN) |
21317 |
| Corporate name or jurisdiction name as entry element |
Foundation for Open Access Statistics |
| 856 40 - ELECTRONIC LOCATION AND ACCESS |
| Uniform Resource Identifier |
<a href="https://www.jstatsoft.org/index">https://www.jstatsoft.org/index</a> |
| 856 40 - ELECTRONIC LOCATION AND ACCESS |
| Uniform Resource Identifier |
<a href="https://www.jstatsoft.org/article/view/v103b02">https://www.jstatsoft.org/article/view/v103b02</a> |
| Link text |
Python and R for the Modern Data Scientist |
| 856 40 - ELECTRONIC LOCATION AND ACCESS |
| Uniform Resource Identifier |
<a href="https://www.jstatsoft.org/article/view/v035c02">https://www.jstatsoft.org/article/view/v035c02</a> |
| Link text |
PypeR, A Python Package for Using R in Python |
| 869 ## - Existencias |
| Año |
---- |
| 942 ## - ADDED ENTRY ELEMENTS (KOHA) |
| Source of classification or shelving scheme |
Dewey Decimal Classification |
| Item type |
Revista electrónica |
| 980 ## - EQUIVALENCE OR CROSS-REFERENCE-SERIES STATEMENT--PERSONAL NAME/TITLE [LOCAL, CANADA] |
| Linkage |
19227 |
| Personal name |
Leticia Ana Abalos |
| Field link and sequence number |
19227 |
| Miscellaneous information |
Leticia Ana Abalos |